| Tag |
First Indicator |
Second Indicator |
Subfields |
| LEADER |
00000cam a2200000 a 4500 |
| 001 |
in00000020431 |
| 005 |
20151007053922.0 |
| 008 |
870805s1988 mdua b 00110 eng |
| 010 |
|
|
|a 87023120
|
| 020 |
|
|
|a 0683061151
|
| 035 |
|
|
|a (OCoLC)16523994
|
| 035 |
|
|
|9 AAB3343AM
|
| 040 |
|
|
|a DLC
|c DLC
|d FUC
|d VET
|d TXA
|d UtOrBLW
|
| 049 |
|
|
|a TXAM
|c [A11468577]
|
| 050 |
0 |
0 |
|a RD52.E85
|b M65 1988
|
| 082 |
0 |
|
|a 617/.91
|2 19
|
| 100 |
1 |
|
|a Møller, Aage R.
|
| 245 |
1 |
0 |
|a Evoked potentials in intraoperative monitoring /
|c Aage R. Møller ; section on practical aspects of SSEP monitoring by Robert Sclabassi, Donald N. Krieger.
|
| 264 |
|
1 |
|a Baltimore :
|b Williams & Wilkins,
|c [1988]
|
| 264 |
|
4 |
|c ©1988
|
| 300 |
|
|
|a xiv, 224 pages :
|b illustrations ;
|c 26 cm.
|
| 336 |
|
|
|a text
|b txt
|2 rdacontent
|
| 337 |
|
|
|a unmediated
|b n
|2 rdamedia
|
| 338 |
|
|
|a volume
|b nc
|2 rdacarrier
|
| 504 |
|
|
|a Bibliography: page 219.
|
| 500 |
|
|
|a Includes index.
|
| 650 |
|
0 |
|a Evoked potentials (Electrophysiology)
|
| 650 |
|
0 |
|a Surgery
|x Physiological aspects.
|
| 650 |
|
0 |
|a Patient monitoring.
|
| 700 |
1 |
|
|a Sclabassi, Robert.
|
| 700 |
1 |
|
|a Krieger, Donald N.
|
| 999 |
|
|
|a MARS
|
| 999 |
f |
f |
|s 05ed78b0-4847-31e7-85f6-647f9f83e2d2
|i fb0b932e-9687-3300-b324-ae23b25542ec
|t 0
|
| 952 |
f |
f |
|p ric
|a Texas A&M University
|b Rellis Campus
|c Joint Library Facility
|d Remote Storage
|t 0
|e RD52.E85 M65 1988
|h Library of Congress classification
|i unmediated -- volume
|m A14811468577
|
| 998 |
f |
f |
|a RD52.E85 M65 1988
|t 0
|l Remote Storage
|